Missing Word: Movie Words Ending in 'P' Quiz Stats

 Plays Quiz Updated Jul 21, 2017

Challenge
Share
Tweet
Embed
Score 0/20 Timer 03:00
1 Play Today
Hint Missing Word % Correct
Forrest _____Gump
98.8%
_____ FictionPulp
98.3%
Lady and the _____Tramp
97.6%
_____ GunTop
97.5%
The Parent _____Trap
97.5%
Beverly Hills _____Cop
97%
_____! Or My Mom Will ShootStop
96.8%
_____ Dead GorgeousDrop
96.8%
21 _____ StreetJump
96.6%
Little _____ of HorrorsShop
94%
Hint Missing Word % Correct
This Is Spinal _____Tap
93.6%
Duck _____Soup
79.3%
_____ ImpactDeep
75.8%
_____ YearLeap
74.9%
Road _____ Trip
74.6%
The Lord of the Rings: The _____ of the RingFellowship
71.5%
The Big _____Sleep
56.7%
My Dog _____Skip
53.3%
_____ UpStep
49.1%
_____ ItWhip
34.5%

Today's Daily Dose

You're not logged in!

Compare scores with friends on all Sporcle quizzes.
OR
Log In

You Might Also Like...

Show Comments

Extras

Top Quizzes Today


Score Distribution

Your Account Isn't Verified!

In order to create a playlist on Sporcle, you need to verify the email address you used during registration. Go to your Sporcle Settings to finish the process.

Report this User

Report this user for behavior that violates our Community Guidelines.

Details: